Loading...
Fine Arts - Classical Music | 9 | 21.11 | 100% | 89% | 22% |
Fine Arts - Other Fine Arts | 8 | 17.50 | 88% | 63% | 25% |
Fine Arts - Painting & Sculpture | 8 | 21.25 | 100% | 88% | 25% |
History - American History | 8 | 17.50 | 100% | 75% | 0% |
History - European History | 10 | 18.00 | 100% | 50% | 30% |
History - Other History | 4 | 15.00 | 100% | 50% | 0% |
History - World History | 6 | 18.33 | 100% | 67% | 17% |
Literature - American Literature | 8 | 18.75 | 88% | 88% | 13% |
Literature - British Literature | 4 | 17.50 | 100% | 50% | 25% |
Literature - European Literature | 8 | 20.00 | 100% | 88% | 13% |
Literature - World Literature | 10 | 19.00 | 100% | 70% | 20% |
Mythology | 8 | 15.00 | 100% | 25% | 25% |
Other | 9 | 17.78 | 89% | 89% | 0% |
Philosophy | 8 | 15.00 | 100% | 50% | 0% |
Religion | 9 | 15.56 | 100% | 56% | 0% |
Science - Biology | 7 | 18.57 | 100% | 71% | 14% |
Science - Chemistry | 7 | 14.29 | 100% | 43% | 0% |
Science - Other Science | 4 | 10.00 | 75% | 25% | 0% |
Science - Physics | 7 | 10.00 | 100% | 0% | 0% |
Social Science | 7 | 15.71 | 100% | 57% | 0% |